Reflexiones acerca del lenguaje: adquisición de las estructuras cognoscitivas

Guardat en:
Dades bibliogràfiques
Autor principal: Chomsky, Noam (Autor)
Format: Llibre
Idioma:espanyol
Publicat: Ciudad de México Trillas 1981
Matèries:
Etiquetes: Afegir etiqueta
Sense etiquetes, Sigues el primer a etiquetar aquest registre!

MARC

LEADER 00000nam a2200000 a 4500
001 UCN8140
003 CL-VaPUC
008 011109e19810100MX |||||||||||||||||spa|d
082 0 4 |a 410  |b CHO  |2 21 
100 0 |a Chomsky, Noam  |e author  |9 320717 
245 1 0 |a Reflexiones acerca del lenguaje: adquisición de las estructuras cognoscitivas 
300 |a 221 p 
942 |c BK 
945 |d 20011109 00:00:00  |a vberengu 
260 |a Ciudad de México  |b Trillas  |c 1981 
650 0 |a Lingüística  |9 265068 
650 0 |a Investigación lingüística  |9 329785 
583 |a last modification  |c 20011109 00:00:00  |k Rodrigo Vera 
999 |c 298175  |d 298173 
952 |0 0  |1 0  |4 0  |6 410_000000000000000_CHO_1981  |7 0  |8 A  |9 353550  |a FDOPOS  |b FDOPOS  |d 2019-11-21  |i 3750876  |o 410 CHO 1981  |p 3750876  |r 2025-01-22  |w 2019-11-21  |y BK  |k MLA